| 000 | 00415nam a2200157 a 4500 | ||
|---|---|---|---|
| 001 | 000023069 | ||
| 005 | 20200930021952.0 | ||
| 008 | 101125s1964 it 001 0 ita d | ||
| 040 |
_aDO-SdBNP _bita _cBNPHU |
||
| 082 |
_ann* _bnn* |
||
| 100 | 1 |
_aRosselli, Amelia. _947489 |
|
| 245 | 1 | 0 |
_aVariazioni belliche / _cAmelia Rosselli. |
| 260 |
_aMilano : _bGarzanti, _c1964. |
||
| 300 |
_a185 p. ; _c22 cm. |
||
| 049 | _aBNGR | ||
| 999 |
_c22566 _d22566 |
||